| 000 | 00422cam a2200169ua 4500 | ||
|---|---|---|---|
| 020 | _c5.00 | ||
| 041 |
_amal _h |
||
| 082 |
_a923.2 _bGEO/VK |
||
| 100 | _aGeorge, T.J.S . | ||
| 245 |
_aV.K.Krishna menon / _cT.J.S.George. _hTextual Documents |
||
| 260 |
_aKottayam : _bSahitya Pravarthaka Co-operative Society , _c1957. |
||
| 300 | _a388 ; . | ||
| 365 | _a5.00 | ||
| 504 | _a | ||
| 942 | _cBK | ||
| 999 |
_c944 _d944 |
||